Vida de nuestro señor Jesucristo
Guardat en:
| Autor principal: | |
|---|---|
| Format: | Llibre |
| Idioma: | espanyol |
| Publicat: |
Bilbao
El Mensajero del Corazón de Jesús
1912
|
| Edició: | 2a. ed |
| Matèries: | |
| Etiquetes: |
Afegir etiqueta
Sense etiquetes, Sigues el primer a etiquetar aquest registre!
|
MARC
| LEADER | 00000nam a2200000 a 4500 | ||
|---|---|---|---|
| 001 | UCI6071 | ||
| 003 | CL-VaPUC | ||
| 008 | 080418e19120000SP |||||||||||||||||spa|d | ||
| 082 | 0 | 4 | |a 232 |b VIL |2 21 |
| 100 | 0 | |a Vilariño Ugarte, Remigio |e author |9 528785 | |
| 245 | 1 | 0 | |a Vida de nuestro señor Jesucristo |
| 250 | |a 2a. ed | ||
| 300 | |a 710 p | ||
| 942 | |c BK | ||
| 945 | |d 20080418 00:00:00 |a rbrito | ||
| 260 | |a Bilbao |b El Mensajero del Corazón de Jesús |c 1912 | ||
| 500 | |a Donación Padres Capuchinos | ||
| 600 | 0 | |a Jesucristo |9 481811 | |
| 650 | 0 | |a Cristología |9 315091 | |
| 650 | 0 | |a Vida religiosa |9 257284 | |
| 650 | 0 | |a Vida espiritual |9 307811 | |
| 650 | 0 | |a Biografías |9 255210 | |
| 583 | |a last modification |c 20080418 00:00:00 |k Rodrigo Vera | ||
| 999 | |c 329674 |d 329672 | ||
| 952 | |0 0 |1 0 |4 0 |6 232_000000000000000_VIL_1912 |7 0 |8 X |9 414660 |a FDOBUD |b FDOBUD |d 2019-11-22 |i 4407369 |o 232 VIL 1912 |p 4407369 |r 2019-11-22 |w 2019-11-22 |y BK_X |k BUD | ||